000 01019njm a22002657a 4500
005 20100922102225.0
007 sd ammalaaahaa
008 100913t xxu||||| |||| 00| 0 hin d
028 _a2392 999
_bMusic India
035 _aGR-07827
040 _aSED/VEN
100 _aGupta, Dipankar Sen
_91184
245 _aImmortal hits on hawaiian guitar /
_cby Dipankar Sen Gupta
_h[sound recording] :
246 _aसुन मेरे बंधू रे
260 _aDum Dum India
_bMusic India
_c1981
300 _a1 sound disc [Gramophone record] :
_banalog, 33 1/3 rpm
_c12.5 in. (LP)
_fGramophone Record
500 _aBrief Record
500 _aRecord label :Music India, Red
505 _aSide-1 (Jago mohan pyare) (Dipankar Sen Gupta) Side-२ (Aja re pardeshi) (Dipankar Sen Gupta)
600 _aGupta, Dipankar Sen
_919992
650 _aFilm songs
_xExcerpts
_zIndia
_919603
700 _919605
942 _2ddc
_cGR
999 _c47370
_d47370